LEADER 00999nam0-22003251i-450 001 990005520780203316 005 20200410161335.0 010 $a88-7213-080-8 035 $a000552078 035 $aUSA01000552078 035 $a(ALEPH)000552078USA01 100 $a20050405d2000----km y1itay5003----ba 101 0 $aita 102 $aIT 200 1 $aStudi sul 1799 nel Molise$eindagine bibliografica dalla sezione molisana della Biblioteca provinciale Pasquale Albino di Campobasso$fIsa De Matteis, Giulia Severino 210 $aCampobasso$cEnne$d[2000] 215 $a78 p.$d24 cm 225 2 $aMemoria$v6 410 1$12001$aMemoria$v6 606 0 $aBibliografie specializzate$2BNCF 676 $a016.9457190743 701 1$aDE_MATTEIS,$bIsa$0334041 702 1$aSEVERINO,$bGiulia 801 0$aIT$bSOL$c20120104 912 $a990005520780203316 951 $a000 016.945719 DEM$b2657 DISES 959 $aBK 969 $aDISES 996 $aStudi sul 1799 nel Molise$91130212 997 $aUNISA LEADER 03026nam 2200625 450 001 9910132393103321 005 20230228154144.0 010 $a1-118-82525-X 010 $a1-118-96331-8 010 $a1-118-82527-6 010 $a9781118963319 035 $a(CKB)3710000000361279 035 $a(EBL)1895630 035 $a(SSID)ssj0001436779 035 $a(PQKBManifestationID)11783078 035 $a(PQKBTitleCode)TC0001436779 035 $a(PQKBWorkID)11445002 035 $a(PQKB)11416501 035 $a(MiAaPQ)EBC1895630 035 $a(DLC) 2014048450 035 $a(Au-PeEL)EBL1895630 035 $a(CaPaEBR)ebr11024580 035 $a(CaONFJC)MIL769807 035 $a(OCoLC)904405417 035 $a(PPN)219904847 035 $a(EXLCZ)993710000000361279 100 $a20150308h20152015 uy 0 101 0 $aeng 135 $aur|n|---||||| 181 $ctxt$2rdacontent 182 $cc$2rdamedia 183 $acr$2rdacarrier 200 10$aAtlas of temporomandibular joint surgery /$feditors, Peter D. Quinn, Eric J. Granquist 205 $aSecond edition. 210 1$aAmes, Iowa :$cJohn Wiley Sons,$d2015. 210 4$d©2015 215 $a1 online resource (xiii, 252 pages) $cillustrations (some color) 300 $aPreceded by Color atlas of temporomandibular joint surgery / Peter D. Quinn. c1998. 311 $a9781119949855 311 $a1-119-94985-8 320 $aIncludes bibliographical references and index. 327 $aSurgical decision making for temporomandibular joint surgery -- Diagnostic imaging of the temporomandibular joint -- Surgical approaches to the temporomandibular joint -- Surgery for internal derangement -- Osseous surgery of the temporomandibular joint -- Trauma -- Autogenous reconstruction of the temporomandibular joint -- Stock alloplastic reconstruction of the temporomandibular joint -- Custom alloplastic reconstruction of the temporomandibular joint -- Pathology of the temporomandibular joint -- Complications. 330 $aThis second edition of the Atlas of Temporomandibular Joint Surgery is a major revision of Dr. Quinn's classic work, taking into account new procedures, equipment, and evidence-based findings from the latest research in TMJ treatment.Assuming that readers are familiar with non-surgical therapies to correct temporomandibular pain and disorders, Drs. Quinn and Granquist focus on the surgical remedies for disorders that are beyond conservative treatment. This concise, how-to surgical atlas guides both the novice and experienced surgeon through the intra-articular and extra-articular procedures t 606 $aTemporomandibular joint$xSurgery 615 0$aTemporomandibular joint$xSurgery. 676 $a617.5/22059 702 $aQuinn$b Peter D.$f1948- 702 $aGranquist$b Eric J. 801 0$bMiAaPQ 801 1$bMiAaPQ 801 2$bMiAaPQ 906 $aBOOK 912 $a9910132393103321 996 $aAtlas of temporomandibular joint surgery$92222066 997 $aUNINA LEADER 04830nam 2201393z- 450 001 9910576885803321 005 20220621 035 $a(CKB)5720000000008316 035 $a(oapen)https://directory.doabooks.org/handle/20.500.12854/84431 035 $a(oapen)doab84431 035 $a(EXLCZ)995720000000008316 100 $a20202206d2022 |y 0 101 0 $aeng 135 $aurmn|---annan 181 $ctxt$2rdacontent 182 $cc$2rdamedia 183 $acr$2rdacarrier 200 00$aProgress in Analytical Methods for the Characterization, Quality and Safety of the Beehive Products 210 $aBasel$cMDPI - Multidisciplinary Digital Publishing Institute$d2022 215 $a1 online resource (240 p.) 311 08$a3-0365-4134-9 311 08$a3-0365-4133-0 330 $aThis reprint presents some recent results from applying original analytical methods to the most renowned hive matrices. Particular consideration was given to methods devoted to the attribution of the origin of honey and propolis, but also studies dealing with the chemical characterization of honey and other hive matrices are here reported. Attention has also been paid to the use of optimized methods of elemental analysis in several hive products for quality and safety purposes, but also for environmental biomonitoring. The treatment of the data was often achieved through multivariate analysis methods, which made it possible to obtain reliable classifications of honeys and propolis according to their botanic or geographical origin. 606 $aAnalytical chemistry$2bicssc 606 $aChemistry$2bicssc 606 $aResearch & information: general$2bicssc 610 $aacid phosphatase 610 $aamylase 610 $aantioxidant activity 610 $aaroma composition 610 $aascorbic acid 610 $aasphodel 610 $aattenuated total reflectance 610 $abee pollen 610 $abee products 610 $abeehive product 610 $abeehive products 610 $abees 610 $abiomonitoring 610 $abitter taste 610 $abotanical origin 610 $acluster analysis 610 $acold vapor atomic fluorescence spectrometry 610 $acyclic voltammetry 610 $adehydroascorbic acid 610 $aessential and non-essential nutrients 610 $aeucalyptus 610 $afiltered honey 610 $afluorescence spectrometry 610 $aFourier transform infrared spectroscopy 610 $afuranic acids 610 $afuranic aldehydes 610 $ageographical origin 610 $aheavy metals 610 $aHILIC 610 $aHMF 610 $ahomogentisic acid 610 $ahoney 610 $ahoney composition 610 $ahoney discrimination 610 $aHPLC-Q-Exactive-Orbitrap®-MS analysis 610 $aICP-MS 610 $aICP-OES 610 $ainorganic contaminants 610 $aLC-ESI/LTQ-Orbitrap-MS 610 $aMALDI-TOF-MS 610 $amultielemental analysis 610 $amultiple linear regression analysis 610 $anative PAGE 610 $aneuropharmacological activities 610 $anucleosides 610 $aPCA 610 $aphenolic glycerides 610 $aPLS 610 $apoplar 610 $aprincipal component analysis 610 $apropolis 610 $aprotein 610 $aproteins 610 $aproteomics 610 $aProteoMinerTM 610 $aQDA profile 610 $aquality standards 610 $aroyal jelly 610 $aRP-HPLC 610 $asample preparation 610 $aspectroanalytical technique 610 $aspectrum-effect relationships 610 $asquare wave voltammetry 610 $astrawberry tree 610 $astrawberry tree honey 610 $astrawberry-tree 610 $asugar content 610 $athistle 610 $atotal ascorbic acids 610 $atoxic element 610 $atoxic elements 610 $atoxic metal 610 $atrace element 610 $atrace elements 610 $aunedone 610 $auridine 615 7$aAnalytical chemistry 615 7$aChemistry 615 7$aResearch & information: general 700 $aSanna$b Gavino$4edt$01327845 702 $aCiulu$b Marco$4edt 702 $aPicò$b Yolanda$4edt 702 $aSpano$b Nadia$4edt 702 $aTuberoso$b Carlo I.G$4edt 702 $aSanna$b Gavino$4oth 702 $aCiulu$b Marco$4oth 702 $aPicò$b Yolanda$4oth 702 $aSpano$b Nadia$4oth 702 $aTuberoso$b Carlo I.G$4oth 906 $aBOOK 912 $a9910576885803321 996 $aProgress in Analytical Methods for the Characterization, Quality and Safety of the Beehive Products$93038173 997 $aUNINA